10 najpopularniejszych Youtuberów (POLSKA) - Statystyki

Ogólne statystyki
  • Ten quiz został rozwiązany 44 razy
  • Średni wynik to 3 z 10
Statystyki odpowiedzi
Temat Ilość (w milionach) Język Nazwa % Poprawnych
rozrywka 5.39 polski Blowek
87%
rozrywka 5.33 polski Friz
87%
rozrywka 5.39 polski Rezigiusz
82%
dla dzieci 7.43 angielski Bazylland
26%
rozrywka 4.15 polski Stuu
18%
muzyka 4.03 polski Step
3%
dla dzieci 6.78 różne Warner Bros
3%
kryptowaluty 7.96 angielski Blum
0%
grafika komputerowa 4.13 angielski Devilish Emoji
0%
dla dzieci 4.02 rosyjski Sofuńja
0%
Nie znaleziono quizów pasujących do podanych kryteriów
Rozkład punktacji
Procent ludzi z każdym wynikiem
Percentyl według liczby udzielonych odpowiedzi
Twoja historia wyników
Nie rozwiązałeś tego quizu